000 00530pab a2200169 454500
008 180718b1998 xxu||||| |||| 00| 0 eng d
100 _aWarning, Matthew
245 _aThe performance of village intermediaries in rural credit delivery under changing penalty regimes: evidence from Senegal
260 _c1998
300 _ap.115-38
362 _aOct
650 _aAgricultural credit - Senegal
650 _aAgricultural credit
700 _aSadoulet, Elisabeth
773 _aJournal of Development Studies
909 _a41594
999 _c41594
_d41594